[Event "20th EUR-ch"]
[Site "Skopje MKD"]
[Date "2019.03.29"]
[Round "11"]
[White "Firat, Burak"]
[Black "Arutinian, David"]
[Result "1/2-1/2"]
[WhiteElo "2468"]
[BlackElo "2555"]
[EventDate "2019.03.18"]
[Board "64"]
[PlyCount "41"]

1.e4 c6 2.d4 d5 3.Nc3 dxe4 4.Nxe4 Nf6 5.Nxf6+ exf6 6.c3 Bd6 7.Bd3 O-O 8.
Qc2 Re8+ 9.Ne2 h5 10.O-O Nd7 11.Ng3 Qc7 12.Nxh5 Bxh2+ 13.Kh1 Bd6 14.f4 f5 
15.Bxf5 Qd8 16.g3 Nf6 17.Nxf6+ Qxf6 18.Bxc8 Raxc8 19.Qd3 c5 20.Bd2 cxd4 
21.cxd4 1/2-1/2

[Event "20th EUR-ch"]
[Site "Skopje MKD"]
[Date "2019.03.29"]
[Round "11"]
[White "Tsydypov, Zhamsaran"]
[Black "Arnaudov, Petar Georgiev"]
[Result "0-1"]
[WhiteElo "2551"]
[BlackElo "2462"]
[EventDate "2019.03.18"]
[Board "65"]
[PlyCount "40"]

1.c4 e6 2.Nc3 d5 3.cxd5 exd5 4.d4 c6 5.Nf3 Nf6 6.Qc2 g6 7.Bg5 Be7 8.Bxf6 
Bxf6 9.e4 dxe4 10.Qxe4+ Kf8 11.Bc4 Kg7 12.Ne5 Bf5 13.Qe3 Re8 14.f4 c5 15.
O-O-O Nc6 16.dxc5 Rxe5 17.fxe5 Bg5 18.Rxd8 Bxe3+ 19.Rd2 Nxe5 20.Bb5 a6 0-1

[Event "20th EUR-ch"]
[Site "Skopje MKD"]
[Date "2019.03.29"]
[Round "11"]
[White "Kadric, Denis"]
[Black "Kevlishvili, Robby"]
[Result "0-1"]
[WhiteElo "2547"]
[BlackElo "2461"]
[EventDate "2019.03.18"]
[Board "66"]
[PlyCount "44"]

1.d3 d5 2.Nd2 Nf6 3.e4 c5 4.g3 Nc6 5.Bg2 e6 6.Nh3 Be7 7.O-O O-O 8.f4 b6 9.
Nf2 a5 10.a4 Ba6 11.Re1 Rc8 12.c3 Qc7 13.Qf3 Rfd8 14.e5 Nd7 15.h4 b5 16.
axb5 Bxb5 17.h5 a4 18.g4 Bh4 19.Qe2 Na5 20.Rd1 f6 21.Nf3 Bxf2+ 22.Qxf2 
fxe5 {40....0-1} 0-1

[Event "20th EUR-ch"]
[Site "Skopje MKD"]
[Date "2019.03.29"]
[Round "11"]
[White "Kulaots, Kaido"]
[Black "Kalezic, Blazo"]
[Result "1-0"]
[WhiteElo "2544"]
[BlackElo "2460"]
[EventDate "2019.03.18"]
[Board "67"]
[PlyCount "107"]

1.e4 e6 2.d4 d5 3.Nc3 a6 4.Nf3 Nf6 5.e5 Nfd7 6.Ne2 c5 7.c3 Nc6 8.a3 c4 9.
h4 Na5 10.Bg5 Qc7 11.h5 h6 12.Bh4 Nb6 13.Nf4 Bd7 14.Qc2 Be7 15.Bxe7 Kxe7 
16.Nh4 Rag8 17.g3 Kd8 18.Bh3 Re8 19.O-O Kc8 20.Nfg2 Kb8 21.f4 Bc8 22.Kh2 
Nc6 23.f5 Nd8 24.Nf4 Rhg8 25.Rae1 Qc6 26.Rf2 Na8 27.fxe6 fxe6 28.Ref1 Rgf8
29.Bg4 Nc7 30.Bd1 b5 31.Qe2 a5 32.Qg4 Rf7 33.Bc2 Ref8 34.Bg6 Rd7 35.Qd1 b4
36.axb4 axb4 37.Bc2 b3 38.Bh7 Nb5 39.Rf3 Rh8 40.Bb1 Ra7 41.Nfg6 Re8 42.
R3f2 Ra1 43.Qg4 Qc7 44.Kg2 Qa5 45.Qf3 Qb6 46.Qe3 Ra7 47.g4 Bb7 48.g5 hxg5 
49.Nf3 Nf7 50.Nxg5 Nxg5 51.Qxg5 Nxd4 52.cxd4 Qxd4 53.Rd2 Qb6 54.Qf4 1-0

[Event "20th EUR-ch"]
[Site "Skopje MKD"]
[Date "2019.03.29"]
[Round "11"]
[White "Gazik, Viktor"]
[Black "Janik, Igor"]
[Result "0-1"]
[WhiteElo "2535"]
[BlackElo "2454"]
[EventDate "2019.03.18"]
[Board "68"]
[PlyCount "48"]

1.c4 Nf6 2.g3 e5 3.Bg2 Nc6 4.a3 d5 5.cxd5 Nxd5 6.d3 Be6 7.Nf3 Be7 8.O-O 
Qd7 9.Nc3 O-O-O 10.Ne4 Bh3 11.Bxh3 Qxh3 12.Bd2 h5 13.Rc1 Nd4 14.Nfg5 Bxg5 
15.Nxg5 Qd7 16.e3 Ne6 17.Nf3 f6 18.Qb3 g5 19.e4 Nb6 20.Be3 h4 21.Rc2 Kb8 
22.Rfc1 Rhe8 23.Rd2 hxg3 24.fxg3 c5 {40...0-1} 0-1

[Event "20th EUR-ch"]
[Site "Skopje MKD"]
[Date "2019.03.29"]
[Round "11"]
[White "Flom, Gabriel"]
[Black "Beliavsky, Alexander"]
[Result "1/2-1/2"]
[WhiteElo "2457"]
[BlackElo "2526"]
[EventDate "2019.03.18"]
[Board "69"]
[PlyCount "43"]

1.d4 Nf6 2.c4 e6 3.Nc3 Bb4 4.g3 O-O 5.Bg2 d5 6.Nf3 dxc4 7.O-O Nc6 8.a3 Be7
9.e4 a6 10.Bf4 b5 11.Qe2 Bb7 12.Rad1 Na5 13.Ne5 Nb3 14.d5 exd5 15.exd5 Bd6
16.Nc6 Qd7 17.Bxd6 Qxd6 18.Ne7+ Kh8 19.Nf5 Qd7 20.Qe5 Rae8 21.Qf4 Nc5 22.
Qg5 1/2-1/2

[Event "20th EUR-ch"]
[Site "Skopje MKD"]
[Date "2019.03.29"]
[Round "11"]
[White "Thybo, Jesper Sondergaard"]
[Black "Warmerdam, Max"]
[Result "0-1"]
[WhiteElo "2525"]
[BlackElo "2448"]
[EventDate "2019.03.18"]
[Board "70"]
[PlyCount "44"]

1.d4 d5 2.c4 c6 3.Nf3 Nf6 4.Nc3 dxc4 5.a4 e6 6.e3 c5 7.Bxc4 Nc6 8.O-O cxd4
9.exd4 Be7 10.Qe2 O-O 11.Rd1 Nb4 12.a5 Bd7 13.Ne5 Rc8 14.Bg5 Nfd5 15.Bxd5 
Nxd5 16.Nxd5 Bxg5 17.Nc3 Bf6 18.a6 b6 19.Nxd7 Qxd7 20.Nb5 Rc6 21.Rac1 Rfc8
22.Rc3 Rxc3 {77...0-1} 0-1

[Event "20th EUR-ch"]
[Site "Skopje MKD"]
[Date "2019.03.29"]
[Round "11"]
[White "Basso, Pier Luigi"]
[Black "Godena, Michele"]
[Result "1/2-1/2"]
[WhiteElo "2521"]
[BlackElo "2449"]
[EventDate "2019.03.18"]
[Board "71"]
[PlyCount "56"]

1.d4 d5 2.c4 dxc4 3.e4 e5 4.Nf3 exd4 5.Bxc4 Bb4+ 6.Nbd2 Nc6 7.O-O Nf6 8.e5
Nd5 9.Nb3 Be7 10.Nbxd4 Nxd4 11.Qxd4 Nb6 12.Bb3 Qxd4 13.Nxd4 O-O 14.Nb5 Bd8
15.Be3 Bd7 16.a4 Be6 17.Bxe6 fxe6 18.Bxb6 axb6 19.f4 c6 20.Nd6 b5 21.axb5 
Bb6+ 22.Kh1 Rxa1 23.Rxa1 Rxf4 24.Ra8+ Rf8 25.Rxf8+ Kxf8 26.bxc6 bxc6 27.g3
Bd4 28.Nc4 Ke7 1/2-1/2

[Event "20th EUR-ch"]
[Site "Skopje MKD"]
[Date "2019.03.29"]
[Round "11"]
[White "Ruck, Robert"]
[Black "Filip, Lucian-Ioan"]
[Result "1-0"]
[WhiteElo "2521"]
[BlackElo "2438"]
[EventDate "2019.03.18"]
[Board "72"]
[PlyCount "29"]

1.Nf3 Nf6 2.c4 e6 3.Nc3 Be7 4.d4 c6 5.a3 d5 6.cxd5 Nxd5 7.Qc2 c5 8.dxc5 
Bxc5 9.Bg5 f6 10.Bd2 Nxc3 11.Bxc3 O-O 12.e3 Na6 13.Bxa6 bxa6 14.O-O Qe7 
15.Rfd1 {45 1-0....} 1-0

[Event "20th EUR-ch"]
[Site "Skopje MKD"]
[Date "2019.03.29"]
[Round "11"]
[White "Potapov, Pavel"]
[Black "Druska, Juraj"]
[Result "1/2-1/2"]
[WhiteElo "2517"]
[BlackElo "2434"]
[EventDate "2019.03.18"]
[Board "73"]
[PlyCount "44"]

1.e4 e6 2.d4 d5 3.Nc3 Bb4 4.e5 c5 5.a3 Ba5 6.b4 cxd4 7.Nb5 Bc7 8.f4 Nc6 9.
Nf3 Nge7 10.Bd3 Nf5 11.Bxf5 exf5 12.Bb2 O-O 13.O-O Be6 14.Nxc7 Qxc7 15.
Bxd4 Rfc8 16.Qd3 a5 17.Bc5 d4 18.Nxd4 Nxd4 19.Qxd4 Rd8 20.Qf2 Bd5 21.Rad1 
axb4 22.axb4 h6 1/2-1/2

[Event "20th EUR-ch"]
[Site "Skopje MKD"]
[Date "2019.03.29"]
[Round "11"]
[White "Zarubitski, Viachaslau"]
[Black "Sivuk, Vitaly"]
[Result "0-1"]
[WhiteElo "2404"]
[BlackElo "2514"]
[EventDate "2019.03.18"]
[Board "74"]
[PlyCount "64"]

1.e4 c5 2.Nf3 d6 3.d4 cxd4 4.Nxd4 Nf6 5.Nc3 a6 6.Be3 e5 7.Nb3 Be6 8.Be2 
Be7 9.Qd3 Nbd7 10.Nd5 O-O 11.O-O Bxd5 12.exd5 b6 13.c4 a5 14.Rae1 a4 15.
Nd2 Ne8 16.Bg4 Nc5 17.Qc2 g6 18.f4 f5 19.Bd1 e4 20.Be2 Bf6 21.Nb1 Nc7 22.
g4 Qd7 23.g5 Bg7 24.Nc3 N7a6 25.a3 Nb3 26.Rd1 Rfc8 27.Kg2 Nac5 28.h4 Nb7 
29.Bxb6 N3c5 30.Nb5 Rab8 31.Bxc5 Nxc5 32.Nc3 Qa7 {[%emt 0:00:55] 0-1} 0-1

[Event "20th EUR-ch"]
[Site "Skopje MKD"]
[Date "2019.03.29"]
[Round "11"]
[White "Zanan, Evgeny"]
[Black "Soysal, Serkan"]
[Result "1/2-1/2"]
[WhiteElo "2514"]
[BlackElo "2405"]
[EventDate "2019.03.18"]
[Board "75"]
[PlyCount "62"]

1.d4 d5 2.Nf3 Nf6 3.Bf4 e6 4.e3 Bd6 5.Bxd6 cxd6 6.c4 dxc4 7.Bxc4 O-O 8.Nc3
d5 9.Bd3 Nc6 10.O-O Qd6 11.Qe2 e5 12.Nb5 Qe7 13.Nxe5 Nxe5 14.dxe5 Qxe5 15.
h3 Bd7 16.Nd4 Rac8 17.Rac1 a6 18.Rfd1 Rfd8 19.Qe1 Rxc1 20.Rxc1 Rc8 21.
Rxc8+ Bxc8 22.Qc3 Bd7 23.Qc5 Qe8 24.Qb6 Bc8 25.Qc7 g6 26.Nb3 Qd7 27.Qc3 
Ne8 28.Be2 Qc7 29.Nc5 Qc6 30.Qd4 Nc7 31.Nd3 Bf5 {55....0.5-0.5} 1/2-1/2

[Event "20th EUR-ch"]
[Site "Skopje MKD"]
[Date "2019.03.29"]
[Round "11"]
[White "Keymer, Vincent"]
[Black "Pogosyan, Stefan"]
[Result "1-0"]
[WhiteElo "2509"]
[BlackElo "2347"]
[EventDate "2019.03.18"]
[Board "76"]
[PlyCount "68"]

1.d4 f5 2.Bg5 h6 3.Bh4 g5 4.Bg3 Bg7 5.e3 Nf6 6.Nc3 O-O 7.Bd3 d6 8.h4 g4 9.
Nge2 Nc6 10.Nf4 e5 11.dxe5 dxe5 12.Ng6 Re8 13.h5 Kh7 14.Nh4 e4 15.Bc4 Qe7 
16.Qe2 Rd8 17.Kf1 a6 18.Bb3 Be6 19.Ng6 Qf7 20.Bxe6 Qxe6 21.Nf4 Qf7 22.Bh4 
Rd7 23.Rd1 Rxd1+ 24.Qxd1 Rd8 25.Qc1 Rd6 26.Bg3 Rd7 27.Kg1 Ne5 28.b3 Nc6 
29.Nce2 Nb4 30.a3 Nbd5 31.c4 Nxf4 32.Nxf4 Bf8 33.Ng6 Qe8 34.Nxf8+ Qxf8 {77
1-0} 1-0

[Event "20th EUR-ch"]
[Site "Skopje MKD"]
[Date "2019.03.29"]
[Round "11"]
[White "Kourkoulos-Arditis, Stamatis"]
[Black "Arizmendi Martinez, Julen Luis"]
[Result "1/2-1/2"]
[WhiteElo "2435"]
[BlackElo "2506"]
[EventDate "2019.03.18"]
[Board "77"]
[PlyCount "28"]

1.d4 Nf6 2.c4 e6 3.Nf3 d5 4.g3 Bb4+ 5.Bd2 Be7 6.Bg2 c6 7.O-O Nbd7 8.Qc2 
O-O 9.Rd1 a5 10.Bf1 h6 11.Nc3 dxc4 12.Ne5 Nxe5 13.dxe5 Nd5 14.Ne4 b5 
1/2-1/2

[Event "20th EUR-ch"]
[Site "Skopje MKD"]
[Date "2019.03.29"]
[Round "11"]
[White "Mamedov, Rauf"]
[Black "Gaehwiler, Gabriel"]
[Result "1-0"]
[WhiteElo "2701"]
[BlackElo "2414"]
[EventDate "2019.03.18"]
[Board "78"]
[PlyCount "63"]

1.e4 c5 2.Nf3 d6 3.Bb5+ Bd7 4.Bxd7+ Qxd7 5.c4 Nc6 6.d4 cxd4 7.Nxd4 g6 8.
Be3 Nf6 9.f3 Bg7 10.O-O O-O 11.Nc3 a6 12.Na4 Rab8 13.Nb6 Qd8 14.Nxc6 bxc6 
15.Na4 Nd7 16.Rb1 f5 17.exf5 gxf5 18.b4 Qe8 19.Qe2 f4 20.Ba7 Rb7 21.Bf2 
Ne5 22.c5 Qg6 23.Rb3 Rf5 24.Kh1 Rg5 25.g3 fxg3 26.Bxg3 Rh5 27.Rg1 Qf5 28.
Nb6 Rb8 29.Bxe5 Qxe5 30.Qg2 Rd8 31.f4 Qd4 32.Rg3 1-0

[Event "20th EUR-ch"]
[Site "Skopje MKD"]
[Date "2019.03.29"]
[Round "11"]
[White "Radovanovic, Nikola"]
[Black "Lagarde, Maxime"]
[Result "0-1"]
[WhiteElo "2426"]
[BlackElo "2631"]
[EventDate "2019.03.18"]
[Board "80"]
[PlyCount "38"]

1.d4 f5 2.Nf3 Nf6 3.Bf4 d6 4.h3 h6 5.e3 g5 6.Bh2 Bg7 7.Nbd2 O-O 8.Bd3 Nc6 
9.c3 e6 10.Qc2 Bd7 11.O-O-O b5 12.g4 b4 13.c4 b3 14.Qxb3 Rb8 15.Qc3 Nb4 
16.Bb1 Bc6 17.Rhe1 fxg4 18.hxg4 Bxf3 19.Nxf3 Ne4 {40...0-1} 0-1

[Event "20th EUR-ch"]
[Site "Skopje MKD"]
[Date "2019.03.29"]
[Round "11"]
[White "Tica, Sven"]
[Black "Kozul, Zdenko"]
[Result "0-1"]
[WhiteElo "2416"]
[BlackElo "2619"]
[EventDate "2019.03.18"]
[Board "81"]
[PlyCount "54"]

1.d4 Nf6 2.c4 g6 3.Nf3 Bg7 4.g3 c6 5.Bg2 O-O 6.O-O d5 7.Ne5 Be6 8.cxd5 
Bxd5 9.Nc3 Bxg2 10.Kxg2 Qb6 11.Na4 Qd8 12.Nc3 Nd5 13.Nxd5 Qxd5+ 14.Nf3 Nd7
15.Qb3 f5 16.Qb4 Bf6 17.Be3 Rfd8 18.Rac1 a5 19.Qc4 Qxc4 20.Rxc4 Kf7 21.Rc2
Nf8 22.Bf4 Ne6 23.Be5 Rac8 24.Rfc1 g5 25.Bxf6 Kxf6 26.e3 a4 27.Nd2 h5 0-1

[Event "20th EUR-ch"]
[Site "Skopje MKD"]
[Date "2019.03.29"]
[Round "11"]
[White "Romanov, Evgeny"]
[Black "Nikolovski, Nikola"]
[Result "1-0"]
[WhiteElo "2612"]
[BlackElo "2404"]
[EventDate "2019.03.18"]
[Board "82"]
[PlyCount "91"]

1.d4 e6 2.c4 Nf6 3.Nc3 c5 4.d5 exd5 5.cxd5 d6 6.Nf3 g6 7.Bf4 a6 8.a4 Bg7 
9.h3 O-O 10.e3 Re8 11.Nd2 Nbd7 12.Be2 Ne5 13.a5 Nfd7 14.O-O f5 15.Bg3 Rb8 
16.f4 Nf7 17.Nc4 Nf6 18.Bf3 Bd7 19.Qb3 Re7 20.Rfe1 Qc7 21.Re2 Rbe8 22.Rae1
Ne4 23.Bxe4 Rxe4 24.Nxe4 Rxe4 25.Qd3 Bb5 26.b3 Kf8 27.Rc1 Nh6 28.Be1 Ng8 
29.b4 cxb4 30.Rec2 Qc5 31.Qb3 Ne7 32.Bxb4 Qxd5 33.Bxd6 Bf6 34.Qb4 Kg7 35.
Be5 Qf7 36.Qc5 Bxe5 37.Nxe5 Qf6 38.Rd2 Nc6 39.Rd7+ Kh6 40.Nf7+ Kh5 41.Ng5 
Re7 42.Rxe7 Nxe7 43.Nxh7 Qb2 44.Qxe7 Qxc1+ 45.Kh2 Kh6 46.Nf6 1-0

[Event "20th EUR-ch"]
[Site "Skopje MKD"]
[Date "2019.03.29"]
[Round "11"]
[White "Nikitenko, Mihail"]
[Black "Paichadze, Luka"]
[Result "0-1"]
[WhiteElo "2408"]
[BlackElo "2576"]
[EventDate "2019.03.18"]
[Board "83"]
[PlyCount "36"]

1.e4 c6 2.Nf3 d5 3.Nc3 Nf6 4.e5 Ne4 5.h3 Bf5 6.Ne2 Qb6 7.d4 h6 8.Nfg1 f6 
9.exf6 e5 10.fxg7 Bxg7 11.Nf3 O-O 12.c3 Nd7 13.Qb3 Qc7 14.Be3 Bh7 15.Qd1 
Rae8 16.Nxe5 Nxe5 17.dxe5 Qxe5 18.Bxa7 c5 0-1

[Event "20th EUR-ch"]
[Site "Skopje MKD"]
[Date "2019.03.29"]
[Round "11"]
[White "Alonso Rosell, Alvar"]
[Black "Semjonovs, Ilja"]
[Result "1-0"]
[WhiteElo "2559"]
[BlackElo "2401"]
[EventDate "2019.03.18"]
[Board "84"]
[PlyCount "93"]

1.d4 Nf6 2.Nf3 g6 3.g3 Bg7 4.Bg2 c5 5.c4 cxd4 6.Nxd4 O-O 7.Nc3 d6 8.O-O 
Na6 9.h3 Nc5 10.Be3 Qc7 11.Rc1 a6 12.b4 Ncd7 13.c5 dxc5 14.bxc5 Nb8 15.Na4
Nc6 16.Nb6 Rb8 17.Nxc6 bxc6 18.Qa4 Bb7 19.Rfd1 Rbd8 20.Qf4 e5 21.Qh4 Rxd1+
22.Rxd1 Rd8 23.Rxd8+ Qxd8 24.Nc4 Qd1+ 25.Kh2 Qa4 26.Bg5 Nd7 27.Be7 f5 28.
Bd8 Nxc5 29.Bb6 Ne6 30.Na5 Qxh4 31.gxh4 Bc8 32.Nxc6 Bf8 33.Bd5 Kg7 34.Bc4 
Bd6 35.Na7 Bd7 36.Bxa6 e4+ 37.Kg1 Nf4 38.e3 Nxh3+ 39.Kg2 f4 40.Bc8 f3+ 41.
Kf1 Bxc8 42.Nxc8 Ba3 43.Na7 g5 44.Nb5 Bb4 45.a3 Bd2 46.Nd6 Be1 47.a4 1-0

[Event "20th EUR-ch"]
[Site "Skopje MKD"]
[Date "2019.03.29"]
[Round "11"]
[White "Kelires, Andreas"]
[Black "Berzinsh, Roland"]
[Result "1/2-1/2"]
[WhiteElo "2529"]
[BlackElo "2397"]
[EventDate "2019.03.18"]
[Board "85"]
[PlyCount "50"]

1.d4 d5 2.Nf3 Nf6 3.c4 dxc4 4.e3 e6 5.Bxc4 c5 6.O-O Nc6 7.Nc3 a6 8.Bd3 
cxd4 9.exd4 Be7 10.Bg5 O-O 11.Re1 b5 12.Rc1 Bb7 13.Bb1 Rc8 14.a3 b4 15.Qd3
g6 16.Na4 bxa3 17.bxa3 Nd7 18.Bh6 Re8 19.d5 exd5 20.Qxd5 Nde5 21.Qxd8 
Nxf3+ 22.gxf3 Rcxd8 23.Be4 Na5 24.Ra1 Bxe4 25.fxe4 Nc4 1/2-1/2

[Event "20th EUR-ch"]
[Site "Skopje MKD"]
[Date "2019.03.29"]
[Round "11"]
[White "Mirzoev, Emil"]
[Black "Erenberg, Ariel"]
[Result "1/2-1/2"]
[WhiteElo "2511"]
[BlackElo "2394"]
[EventDate "2019.03.18"]
[Board "86"]
[PlyCount "29"]

1.e4 e5 2.Nf3 Nc6 3.d3 Nf6 4.g3 g6 5.Bg2 Bg7 6.O-O O-O 7.Nc3 d6 8.h3 Ne7 
9.d4 exd4 10.Qxd4 d5 11.exd5 Nexd5 12.Nxd5 Qxd5 13.c3 c6 14.Be3 Re8 15.a4 
1/2-1/2

[Event "20th EUR-ch"]
[Site "Skopje MKD"]
[Date "2019.03.29"]
[Round "11"]
[White "Neverov, Valeriy"]
[Black "Atakisi, Umut"]
[Result "1/2-1/2"]
[WhiteElo "2496"]
[BlackElo "2403"]
[EventDate "2019.03.18"]
[Board "87"]
[PlyCount "54"]

1.d4 d5 2.Bf4 c5 3.e3 cxd4 4.exd4 Nc6 5.c3 Bf5 6.Nd2 e6 7.Ngf3 Nge7 8.h3 
Ng6 9.Bh2 Bd6 10.Bb5 Bxh2 11.Nxh2 h5 12.O-O Nf4 13.Ndf3 Be4 14.Re1 g5 15.
Qa4 g4 16.Bxc6+ bxc6 17.Rxe4 dxe4 18.Qxc6+ Kf8 19.Qxe4 Nxh3+ 20.gxh3 gxf3 
21.Nxf3 Rg8+ 22.Kh1 Qd5 23.Re1 Rd8 24.Qf4 Rg6 25.Rg1 Rxg1+ 26.Kxg1 Qxa2 
27.Qf6 Rd7 1/2-1/2

[Event "20th EUR-ch"]
[Site "Skopje MKD"]
[Date "2019.03.29"]
[Round "11"]
[White "Duzhakov, Ilya"]
[Black "Enchev, Ivajlo"]
[Result "1-0"]
[WhiteElo "2405"]
[BlackElo "2490"]
[EventDate "2019.03.18"]
[Board "88"]
[PlyCount "35"]

1.d4 Nf6 2.c4 e6 3.Nf3 d5 4.Nc3 a6 5.cxd5 exd5 6.Bg5 Be6 7.e3 Nbd7 8.Bd3 
Bd6 9.O-O O-O 10.h3 h6 11.Bf4 Qe7 12.Ne5 Rfc8 13.Bg3 c5 14.f4 cxd4 15.exd4
Ne4 16.Nxe4 dxe4 17.Bxe4 Nf6 18.Bf3 1-0

[Event "20th EUR-ch"]
[Site "Skopje MKD"]
[Date "2019.03.29"]
[Round "11"]
[White "Livaic, Leon"]
[Black "Ozen, Deniz"]
[Result "1/2-1/2"]
[WhiteElo "2477"]
[BlackElo "2393"]
[EventDate "2019.03.18"]
[Board "89"]
[PlyCount "97"]

1.d4 d5 2.c4 c6 3.cxd5 cxd5 4.Nc3 Nf6 5.Bf4 Nc6 6.e3 Bf5 7.Qb3 Na5 8.Qa4+ 
Bd7 9.Qc2 Rc8 10.Bd3 e6 11.Nf3 Be7 12.h3 O-O 13.O-O b5 14.a3 Ne4 15.Bxe4 
dxe4 16.Qxe4 Bc6 17.Qd3 Nc4 18.Ne5 Nxe5 19.Bxe5 a5 20.Rfc1 Qd7 21.Bg3 Rfd8
22.f3 h6 23.Ne4 Bb7 24.Qe2 Bd5 25.Nc5 Bxc5 26.dxc5 Bc4 27.Qe1 a4 28.Bd6 e5
29.Bxe5 Rxc5 30.Qg3 f5 31.Rd1 Qxd1+ 32.Rxd1 Rxd1+ 33.Kh2 Rd7 34.Bd4 Rcd5 
35.h4 Rf7 36.Qf4 Rdd7 37.h5 Rd5 38.Kg3 Rdd7 39.Kf2 Rd5 40.Ke1 Rdd7 41.Kd2 
Rd5 42.Kc3 Rdd7 43.Kb4 Rd5 44.Qb8+ Kh7 45.Qb6 Kg8 46.Qb8+ Kh7 47.Qf4 Kg8 
48.Bc3 Rdd7 49.Bd4 1/2-1/2

[Event "20th EUR-ch"]
[Site "Skopje MKD"]
[Date "2019.03.29"]
[Round "11"]
[White "Lodici, Lorenzo"]
[Black "Jackson, James P"]
[Result "0-1"]
[WhiteElo "2474"]
[BlackElo "2377"]
[EventDate "2019.03.18"]
[Board "90"]
[PlyCount "70"]

1.d4 Nf6 2.c4 g6 3.Nf3 Bg7 4.g3 O-O 5.Bg2 d6 6.O-O Nc6 7.Nc3 e5 8.dxe5 
dxe5 9.Bg5 Be6 10.Qa4 Qc8 11.Rad1 Nd7 12.Nd5 Re8 13.Nd2 h6 14.Be3 Nd4 15.
Bxd4 exd4 16.Qa3 Kh7 17.b4 Nb6 18.Qb3 Nxd5 19.cxd5 Bg4 20.Nf3 Rxe2 21.Nxd4
Re7 22.Rd2 Qd7 23.Nc2 Rae8 24.Ne3 Bh3 25.Bxh3 Qxh3 26.d6 cxd6 27.Rxd6 h5 
28.Rc1 Bh6 29.Rc3 Kg7 30.Qb2 Kg8 31.Qc2 h4 32.g4 Bf4 33.Rxg6+ Kf8 34.Rf6 
Bxh2+ 35.Kh1 Be5+ 0-1

[Event "20th EUR-ch"]
[Site "Skopje MKD"]
[Date "2019.03.29"]
[Round "11"]
[White "Kaasen, Tor Fredrik"]
[Black "Bakalchuk, Johnatan"]
[Result "0-1"]
[WhiteElo "2383"]
[BlackElo "2471"]
[EventDate "2019.03.18"]
[Board "91"]
[PlyCount "42"]

1.e4 c5 2.Nf3 g6 3.d4 cxd4 4.Nxd4 Bg7 5.c4 Nc6 6.Be3 Nf6 7.Nc3 O-O 8.Be2 
d6 9.O-O Nxd4 10.Bxd4 Bd7 11.Qd3 Bc6 12.b4 b6 13.Rad1 Rc8 14.f4 e6 15.Be3 
Qc7 16.f5 exf5 17.exf5 Rfe8 18.Bd4 Ne4 19.Bxg7 Kxg7 20.Nxe4 Bxe4 21.Qc3+ 
Kg8 0-1

[Event "20th EUR-ch"]
[Site "Skopje MKD"]
[Date "2019.03.29"]
[Round "11"]
[White "Di Benedetto, Edoardo"]
[Black "Tutisani, Noe"]
[Result "1/2-1/2"]
[WhiteElo "2394"]
[BlackElo "2467"]
[EventDate "2019.03.18"]
[Board "93"]
[PlyCount "84"]

1.d4 Nf6 2.c4 b6 3.Nc3 Bb7 4.e3 g6 5.Nge2 Bg7 6.Nf4 d6 7.Be2 Nbd7 8.Bf3 
Bxf3 9.Qxf3 e5 10.Nd3 O-O 11.dxe5 Nxe5 12.Nxe5 dxe5 13.e4 Nd7 14.Be3 c6 
15.O-O-O Qe7 16.h4 Rfd8 17.h5 Nf8 18.Kc2 Ne6 19.hxg6 fxg6 20.Qh3 Bf6 21.f3
Nd4+ 22.Kb1 Rd7 23.Ne2 Rad8 24.Bxd4 exd4 25.Nf4 Qf7 26.Qe6 Qxe6 27.Nxe6 
Re8 28.Nf4 Bg5 29.Nd3 Be3 30.Kc2 c5 31.a4 Rb7 32.b3 a5 33.Rdf1 h5 34.Kb1 
Rh7 35.g3 Kf7 36.Rh3 g5 37.Rfh1 Kg6 38.R1h2 Rh6 39.g4 h4 40.Kc2 Kf7 41.Rh1
Rf6 42.Rf1 Bf4 1/2-1/2

[Event "20th EUR-ch"]
[Site "Skopje MKD"]
[Date "2019.03.29"]
[Round "11"]
[White "Costachi, Mihnea"]
[Black "Krstulovic, Alex"]
[Result "1-0"]
[WhiteElo "2466"]
[BlackElo "2351"]
[EventDate "2019.03.18"]
[Board "95"]
[PlyCount "45"]

1.d4 d5 2.c4 c6 3.Nf3 Nf6 4.Nc3 dxc4 5.e4 b5 6.Be2 e6 7.O-O Bb7 8.b3 cxb3 
9.d5 Nbd7 10.dxc6 Bxc6 11.Nd4 Nxe4 12.Nxe4 Bxe4 13.Bxb5 a6 14.Ba4 Be7 15.
Re1 Bd5 16.Nf5 O-O 17.Nxe7+ Qxe7 18.Qxd5 Qb4 19.Qe4 Qxe4 20.Rxe4 Nc5 21.
Rc4 Nxa4 22.Rxa4 bxa2 23.R4xa2 1-0

[Event "20th EUR-ch"]
[Site "Skopje MKD"]
[Date "2019.03.29"]
[Round "11"]
[White "Zlatanovic, Boroljub"]
[Black "Petriashvili, Nikoloz"]
[Result "1-0"]
[WhiteElo "2376"]
[BlackElo "2465"]
[EventDate "2019.03.18"]
[Board "96"]
[PlyCount "105"]

1.Nc3 d5 2.e4 d4 3.Nce2 e5 4.Ng3 Be6 5.Nf3 Bd6 6.c3 c5 7.Qa4+ Nc6 8.Bc4 
Bxc4 9.Qxc4 Nge7 10.d3 O-O 11.O-O a6 12.cxd4 cxd4 13.Bd2 Qb6 14.b4 Qb5 15.
Qb3 Nxb4 16.Bxb4 Qxb4 17.Qxb4 Bxb4 18.Rab1 Nc6 19.Nxe5 Nxe5 20.Rxb4 b5 21.
Rd1 Rfd8 22.f4 Nc6 23.Rb2 Ne7 24.Rc1 f5 25.Rc7 Re8 26.Rbc2 fxe4 27.dxe4 d3
28.Rd2 Rac8 29.Rxc8 Rxc8 30.Rxd3 Rc1+ 31.Kf2 Rc2+ 32.Kf3 Rxa2 33.Rd7 Kf8 
34.e5 Ra3+ 35.Kg4 Ra2 36.e6 g6 37.Kf3 b4 38.Rb7 a5 39.Ne4 Nf5 40.Rf7+ Ke8 
41.Rd7 Ne7 42.Nf6+ Kf8 43.Nxh7+ Ke8 44.Nf6+ Kf8 45.Rb7 Rc2 46.g4 Rc3+ 47.
Ke4 Rc4+ 48.Ke5 Rc5+ 49.Kd6 Rc6+ 50.Kd7 Ra6 51.Rb8+ Kg7 52.Kxe7 a4 53.Rg8+
1-0

[Event "20th EUR-ch"]
[Site "Skopje MKD"]
[Date "2019.03.29"]
[Round "11"]
[White "Del Rio Angelis, Salvador Gabriel"]
[Black "Paszewski, Mateusz"]
[Result "1-0"]
[WhiteElo "2464"]
[BlackElo "2340"]
[EventDate "2019.03.18"]
[Board "97"]
[PlyCount "49"]

1.d4 d5 2.c4 c6 3.Nf3 Nf6 4.Nc3 e6 5.e3 Nbd7 6.Bd3 dxc4 7.Bxc4 b5 8.Bd3 
Bd6 9.Qc2 Bb7 10.e4 e5 11.Bg5 O-O 12.O-O-O Qa5 13.Bxf6 gxf6 14.Kb1 Rfd8 
15.g4 a6 16.g5 exd4 17.Nxd4 c5 18.Nf5 Be5 19.Nd5 c4 20.Be2 Nc5 21.gxf6 Na4
22.Rhg1+ Kh8 23.Nh6 Rd7 24.Ne7 Rxd1+ 25.Bxd1 1-0

[Event "20th EUR-ch"]
[Site "Skopje MKD"]
[Date "2019.03.29"]
[Round "11"]
[White "Iliaguev, Nisim"]
[Black "Belyakov, Bogdan"]
[Result "1/2-1/2"]
[WhiteElo "2366"]
[BlackElo "2464"]
[EventDate "2019.03.18"]
[Board "98"]
[PlyCount "93"]

1.d4 Nf6 2.c4 g6 3.g3 Bg7 4.Bg2 O-O 5.Nc3 d6 6.Nf3 Nc6 7.O-O a6 8.b3 Rb8 
9.Nd5 Nh5 10.Bb2 e6 11.Nc3 Ne7 12.e4 c5 13.dxc5 dxc5 14.e5 Qc7 15.Ne4 Nc6 
16.Nf6+ Bxf6 17.exf6 e5 18.Qd5 Nxf6 19.Qxc5 Re8 20.Rfe1 Nd7 21.Qe3 f6 22.
Rad1 Nf8 23.Nd2 Bf5 24.Ne4 Bxe4 25.Bxe4 Ne6 26.Qh6 Rbd8 27.Rxd8 Ncxd8 28.
Bd5 Nf7 29.Qe3 Kg7 30.h4 h5 31.Kg2 b6 32.Kg1 Nh6 33.b4 Nf5 34.Qa3 Qd6 35.
Rd1 e4 36.Qc3 Nc7 37.Kg2 Nxd5 38.Rxd5 Qc6 39.Kg1 e3 40.fxe3 Rxe3 41.Rd7+ 
Kg8 42.Rd3 Re2 43.Rd5 Qe6 44.Rd2 Re3 45.Qxf6 Rxg3+ 46.Kh2 Qxf6 47.Bxf6 
1/2-1/2

[Event "20th EUR-ch"]
[Site "Skopje MKD"]
[Date "2019.03.29"]
[Round "11"]
[White "Murzin, Volodar"]
[Black "Caspi, Israel"]
[Result "1-0"]
[WhiteElo "2337"]
[BlackElo "2461"]
[EventDate "2019.03.18"]
[Board "99"]
[PlyCount "81"]

1.e4 d5 2.exd5 Qxd5 3.Nc3 Qd8 4.d4 Nf6 5.Nf3 g6 6.Bc4 Bg7 7.O-O O-O 8.h3 
Nc6 9.a3 b6 10.d5 Na5 11.Ba2 c6 12.Re1 cxd5 13.Nxd5 Nxd5 14.Bxd5 Bb7 15.
Bxb7 Qxd1 16.Rxd1 Nxb7 17.Rd7 Nc5 18.Rxe7 Rfe8 19.Rxe8+ Rxe8 20.c3 Nb3 21.
Rb1 Nxc1 22.Rxc1 Re2 23.Rb1 Rc2 24.Kf1 Bh6 25.a4 Rc1+ 26.Rxc1 Bxc1 27.b4 
Bb2 28.c4 Bc3 29.b5 Kf8 30.Ke2 Ke7 31.Kd3 Bf6 32.Nd2 Ke6 33.Nb3 Bh4 34.g3 
Be7 35.Nd4+ Kd7 36.Ke4 Bc5 37.Kd5 Kc7 38.g4 Kb7 39.f3 a5 40.Nc6 Kc7 41.
Nxa5 1-0

[Event "20th EUR-ch"]
[Site "Skopje MKD"]
[Date "2019.03.29"]
[Round "11"]
[White "Tate, Alan"]
[Black "Blohberger, Felix"]
[Result "1/2-1/2"]
[WhiteElo "2306"]
[BlackElo "2459"]
[EventDate "2019.03.18"]
[Board "100"]
[PlyCount "86"]

1.Nf3 d5 2.g3 Bg4 3.Bg2 Nd7 4.c4 e6 5.d4 c6 6.O-O Ngf6 7.h3 Bh5 8.cxd5 
exd5 9.Qb3 Qb6 10.Qe3+ Be7 11.Nh4 Bg6 12.Nxg6 hxg6 13.Nc3 Nf8 14.Na4 Qc7 
15.Nc5 a5 16.Bd2 N6d7 17.Nd3 Ne6 18.Nf4 Nxf4 19.Qxf4 Qxf4 20.Bxf4 Nf8 21.
e4 dxe4 22.Bxe4 Ne6 23.Be3 O-O-O 24.Rfd1 Nc7 25.Kg2 Nd5 26.Bd2 Bb4 27.Bc3 
Rd7 28.a3 Be7 29.Bd2 Bd8 30.b4 Nf6 31.Bf3 Rxd4 32.bxa5 Ra4 33.Rdb1 Be7 34.
Bd1 Rxa3 35.Rxa3 Bxa3 36.a6 bxa6 37.Be2 Nd5 38.Ra1 Bb4 39.Bxa6+ Kd7 40.
Bxb4 Nxb4 41.Bc4 Nd5 42.Ra7+ Ke6 43.Rc7 Rd8 1/2-1/2